<?xml version="1.0" encoding="UTF-8"?>
<collection xmlns="http://www.loc.gov/MARC21/slim">
 <record>
  <leader>01470nam a22003371a 4500</leader>
  <controlfield tag="001">000035573</controlfield>
  <controlfield tag="003">11860</controlfield>
  <controlfield tag="005">20230309160423.0</controlfield>
  <controlfield tag="008">160127s2015                  000   eng</controlfield>
  <datafield tag="040" ind1=" " ind2=" ">
   <subfield code="a">LNN</subfield>
  </datafield>
  <datafield tag="041" ind1=" " ind2=" ">
   <subfield code="a">eng</subfield>
  </datafield>
  <datafield tag="082" ind1=" " ind2=" ">
   <subfield code="a">420.659</subfield>
   <subfield code="b">NG-C</subfield>
  </datafield>
  <datafield tag="100" ind1=" " ind2=" ">
   <subfield code="a">Ngô Thị Thanh Châu</subfield>
  </datafield>
  <datafield tag="245" ind1=" " ind2="3">
   <subfield code="a">An investigation into teaching “Communication and Culture” section in the pilot English textbook “Tieng Anh 10” at some upper secondary schools in Danang /</subfield>
   <subfield code="c">Ngô Thị Thanh Châu.</subfield>
  </datafield>
  <datafield tag="260" ind1=" " ind2=" ">
   <subfield code="c">2015.</subfield>
  </datafield>
  <datafield tag="300" ind1=" " ind2=" ">
   <subfield code="a">64tr . : mh ; 30cm.</subfield>
  </datafield>
  <datafield tag="650" ind1=" " ind2=" ">
   <subfield code="a">Ngô Thị Thanh Châu, An investigation into teaching “Communication and Culture” section in the pilot English textbook “Tieng Anh 10” at some upper secondary schools in Danang, Communication and Culture, Tieng Anh 10, upper secondary schools</subfield>
  </datafield>
  <datafield tag="852" ind1=" " ind2=" ">
   <subfield code="b">P.Doc</subfield>
   <subfield code="c">Luận văn sinh viên</subfield>
  </datafield>
  <datafield tag="OWN" ind1=" " ind2=" ">
   <subfield code="a">LNN</subfield>
  </datafield>
  <datafield tag="AVA" ind1=" " ind2=" ">
   <subfield code="a">UDN50</subfield>
   <subfield code="b">LNN</subfield>
   <subfield code="c">English</subfield>
   <subfield code="d">420.659 NG-C</subfield>
   <subfield code="e">available</subfield>
   <subfield code="t">Error 5001 Not defined in file expand_doc_bib_avail.</subfield>
   <subfield code="f">1</subfield>
   <subfield code="g">0</subfield>
   <subfield code="h">N</subfield>
   <subfield code="i">0</subfield>
   <subfield code="j">AN</subfield>
   <subfield code="k">1</subfield>
  </datafield>
  <datafield tag="999" ind1=" " ind2=" ">
   <subfield code="a">From the UDN01</subfield>
  </datafield>
  <datafield tag="AVA" ind1=" " ind2=" ">
   <subfield code="a">UDN50</subfield>
   <subfield code="b">LNN</subfield>
   <subfield code="c">English</subfield>
   <subfield code="d">420.659 NG-C</subfield>
   <subfield code="e">available</subfield>
   <subfield code="t">Error 5001 Not defined in file expand_doc_bib_avail.</subfield>
   <subfield code="f">1</subfield>
   <subfield code="g">0</subfield>
   <subfield code="h">N</subfield>
   <subfield code="i">0</subfield>
   <subfield code="j">AN</subfield>
   <subfield code="k">1</subfield>
  </datafield>
  <datafield tag="TYP" ind1=" " ind2=" ">
   <subfield code="a">Monograph</subfield>
  </datafield>
  <datafield tag="TYP" ind1=" " ind2=" ">
   <subfield code="a">Printed language</subfield>
  </datafield>
  <datafield tag="980" ind1=" " ind2=" ">
   <subfield code="a">Mạng thư viện Đại học Đà Nẵng</subfield>
  </datafield>
 </record>
</collection>
